Name one city that... #6 - Statistics

General Stats
  • This quiz has been taken 93 times
  • The average score is 14 of 20
Answer Stats
Name one city that... City % Correct
Is one of the 5 biggest cities that was named after a US president Lincoln | Jackson | Madison | Monrovia | Washington
99%
Is one of the 5 biggest cities in Wales Barry | Cardiff | Newport | Swansea | Wrexham
94%
Is on the top 5 cities with the most billionaires Beijing | Hong Kong | Moscow | New York City | Shenzhen
94%
Is the biggest city in its Central American country Belize City | Guatemala City | Managua | Panama City | San José | San Salvador | Tegucigalpa
93%
Has enough Michelin-starred restaurants to be in the top 5 worldwide Kyoto | New York City | Osaka | Paris | Tokyo
93%
Has one of the 5 oldest universities in continuous operation in the world Bologna | Cambridge | Oxford | Padua | Salamanca
92%
Has one of the World's 5 busiest ports outside of China Busan | Dubai | Port Klang | Rotterdam | Singapore
88%
Is one of the 5 most populous cities in Utah Orem | Provo | Salt Lake City | West Jordan | West Valley City
87%
Is the largest city by population on one of the 5 biggest islands by area (Australia is not counted) Antananarivo | Balikpapan | Iqaluit | Nuuk | Port Moresby
83%
Is one of the 5 biggest modern-day cities once controlled by the Umayyad Caliphate Baghdad | Cairo | Karachi | Riyadh | Tehran
83%
Is the biggest city starting with one of the vowels Alexandria | Ecatepec de Morelos | Istanbul | Osaka | Ürümqi
79%
Is the biggest city along the Rhine river of each country that it goes through Basel | Cologne | Feldkirch | Rotterdam | Strasbourg | Schaan
78%
Is a capital city in Oceania with less than 50 000 people Apia | Funafuti | Majuro | Ngerulmud | Nuku’alofa | Palikir | Yaren
73%
Is the second biggest city in its Central American country Belmopan | Heredia | León | Mixco | San Miguelito | San Pedro Sula | Soyapango
65%
Is the largest settlement in one of Australia's Territories Bantam | Canberra | Darwin | Flying Fish Cove | Jervis Bay | Kingston
64%
Is a city over 30 000 population located north of Nuuk, Greenland. It's also not in Russia Bodø | Fairbanks | Kajaani | Luleå | Oulu | Rovaniemi | Skellefteå | Tromsø
56%
Is one of the 5 largest cities containing 'sz' Bydgoszcz | Koszalin | Olsztyn | Rzeszów | Szczecin
44%
Is a pair of cities over 50 000 people located on the Uruguay-Argentina or Uruguay-Brazil borders (naming one of the cities in a pair is enough) Concordia / Salto | Santana do Livramento / Rivera
20%
Is a pair of cities over 100 000 people located on the Russia-China border (naming one of the cities in a pair is enough) Blagoveshchensk / Heihe
19%
Is one of the 2 biggest cities in Portugal that shares its name with a city in Brazil Aveiro | Santarém
16%
No matching quizzes found
Score Distribution
Percent of People with Each Score
Percentile by Number Answered
Your Score History
You have not taken this quiz